Pays ayant les plus faibles taux d'obésité - Statistiques

Statistiques générales
  • Ce quiz a été pris 28 534 fois
    17 632 depuis la dernière actualisation
  • Le résultat moyen est 8 sur 20
Statistiques - réponses
(%) Pays % Correct
5,5 Japon
81%
7,3 Corée du Sud
64%
7,3 Inde
62%
6,6 Rép. Dém. Congo
55%
2,8 Ethiopie
49%
2,0 Viet Nam
47%
6,0 Niger
45%
4,4 Cambodge
38%
7,0 Népal
36%
5,3 Bangladesh
34%
6,7 Tchad
34%
4,8 Erythrée
33%
4,9 Rwanda
33%
7,4 Birmanie
27%
5,0 Burundi
26%
4,3 Madagascar
26%
6,7 Burkina Faso
21%
7,7 Malawi
21%
7,1 Sierra Leone
16%
2,4 Timor Oriental
12%
Aucun quiz correspondant
Distribution des résultats
% des personnes avec chaque résultat
Percentile par nombre de réponses
Votre historique - résultats
Vous n’avez pas pris ce quiz depuis la dernière actualisation